La muralla china: cuentos, relatos y otros escritos
Uloženo v:
| Hlavní autor: | |
|---|---|
| Médium: | Kniha |
| Jazyk: | španělština |
| Vydáno: |
Buenos Aires
Emece
1953
|
| Edice: | Colección grandes novelistas
|
| Témata: | |
| Tagy: |
Přidat tag
Žádné tagy, Buďte první, kdo vytvoří štítek k tomuto záznamu!
|
MARC
| LEADER | 00000nam a2200000 a 4500 | ||
|---|---|---|---|
| 001 | UCV8236 | ||
| 003 | CL-VaPUC | ||
| 008 | 901123e19530000AG |||||||||||||||||spa|d | ||
| 082 | 0 | 4 | |a 891.863 |b KAF |2 21 |
| 100 | |a Kafka, Franz |e author |9 266293 | ||
| 245 | 1 | 3 | |a La muralla china: cuentos, relatos y otros escritos |
| 300 | |a 294 p | ||
| 942 | |c BK | ||
| 945 | |d 19901123 00:00:00 | ||
| 260 | |a Buenos Aires |b Emece |c 1953 | ||
| 650 | 7 | |a CUENTOS CHECOS |2 CL-VaPUC |9 266297 | |
| 583 | |a last modification |c 19901123 00:00:00 |k Rodrigo Vera | ||
| 490 | 0 | |a Colección grandes novelistas | |
| 999 | |c 213782 |d 213780 | ||
| 952 | |0 0 |1 0 |2 ddc |4 0 |6 891_863000000000000_KAF_1953 |7 0 |8 P |9 196505 |a BIBARQ |b BIBARQ |d 2019-11-14 |i 2643952 |o 891.863 KAF 1953 |p 2643952 |r 2025-01-20 |w 2019-11-14 |y BK |k ARQ | ||